trigonometry / (رقم التسجيلة. 31431)

تفاصيل مارك
000 -الفاتح
حقل البيانات ثابتة الطول 00488pam a2200193 a 4500
001 - رقم الضبط
رقم الضبط 79256121
003 - محدد رقم الضبط
رقم الضبط OSt
005 - وقت وتاريخ اخر تعامل مع التسجيلة
رقم الضبط 20150408114144.0
008 - عناصر البيانات ثابتة الطول - معلومات عامة
حقل البيانات ثابتة الطول 070117s2007 wau 000 0 eng
020 ## - الرقم الدولى المعيارى للكتب
الرقم الدولى المعيارى للكتاب 8182810833
040 ## - مصدر الفهرسة
وكالة الفهرسة الأصلية Ma-Un
082 0# - رقم تصنيف ديوى العشرى
رقم التصنيف 516.24
رقم الطبعة 22
100 1# - المدخل الرئيسى - إسم شخصى
الإسم الشخصى Mittal, P.K.
9 (RLIN) 38150
245 10 - بيان العنوان
العنوان trigonometry /
بيان المسئوليه,etc P.K. Mittal..
260 ## - PUBLICATION, DISTRIBUTION, ETC. (IMPRINT)
مكان الناشر او الموزع New Delhi :
اسم الناشر او الموزع Vrinda Publications
تاريخ النشر أو التوزيع c2007.
300 ## - الوصف المادى
التعداد , 246 p. ;
أبعاد الوعاء 20 cm.
650 #0 - المدخل الاضافى بالموضوع-مصطلح موضوعى
مصطلح موضوعي أو اسم جغرافي كعنصر مدخل Trigonometry
9 (RLIN) 15117
942 ## - عناصر المدخل الإضافي( كوها)
مصدر التصنيف او مخطط الترفيف Dewey Decimal Classification
Koha [default] item type كتاب
المقتنيات
حالة الفقد نموذج السعر الفعال حالة تلف ليس للاعارة رقم الطلب رقم النسخة تاريخ الاكتساب الموقع الحالي الباركود الفرع الرئيسي Date last seen نوع المادة فى نظام كوها مصدر التصنيف او خطة الترفيف Total Checkouts
  2013-10-26     516.24 MPT n1 2013-10-26 المكتبة المركزية بالمجمعة (CL) 00451726 المكتبة المركزية بالمجمعة (CL) 2013-10-26 كتاب Dewey Decimal Classification  
  2013-10-26     516.24 MPT n2 2013-10-26 المكتبة المركزية بالمجمعة (CL) 00451724 المكتبة المركزية بالمجمعة (CL) 2013-10-26 كتاب Dewey Decimal Classification  
  2013-10-26   Not For Loan 516.24 MPT n3 2013-10-26 المكتبة المركزية بالمجمعة (CL) 00451721 المكتبة المركزية بالمجمعة (CL) 2013-10-26 كتاب Dewey Decimal Classification  
  2013-10-26     516.24 MPT n1 2013-10-26 مكتبة مجمع الكليات بالزلفى - طلاب (SZM) 00451725 مكتبة مجمع الكليات بالزلفى - طلاب (SZM) 2013-10-26 كتاب Dewey Decimal Classification  
  2013-10-26     516.24 MPT n2 2013-10-26 مكتبة مجمع الكليات بالزلفى - طلاب (SZM) 00451723 مكتبة مجمع الكليات بالزلفى - طلاب (SZM) 2013-10-26 كتاب Dewey Decimal Classification  
  2013-10-26   Not For Loan 516.24 MPT n3 2013-10-26 مكتبة مجمع الكليات بالزلفى - طلاب (SZM) 00451722 مكتبة مجمع الكليات بالزلفى - طلاب (SZM) 2013-10-26 كتاب Dewey Decimal Classification